[Event "Basso Veronese op 4th"]
[Site "Casaleone"]
[Date "2011.05.29"]
[Round "3"]
[White "Magnabosco, Mauro Denis"]
[Black "Bellini, Luca"]
[Result "0-1"]
[WhiteElo "1554"]
[BlackElo "1705"]
[PlyCount "130"]
[EventDate "2011.05.28"]
[EventType "swiss"]
[EventRounds "6"]
[EventCountry "ITA"]
[SourceTitle "EXT 2023"]
[Source "ChessBase"]
[SourceDate "2022.10.05"]
[SourceVersion "1"]
[SourceVersionDate "2022.10.05"]
[SourceQuality "1"]

1. e4 d6 2. d4 e5 3. dxe5 dxe5 4. Qxd8+ Kxd8 5. Bc4 f6 6. Be3 c6 7. a3 b5 8. Bb3 Na6 9. Nc3 Kc7 10. Nge2 Nc5 11. 0-0 Nxb3 12. cxb3 Be6 13. b4 g6 14. Rfc1 Kb7 15. f4 Bh6 16. Kf2 Ne7 17. g3 Bb3 18. Nb1 Rad8 19. Nd2 Be6 20. Rc3 Rd7 21. Nb3 Bxb3 22. Rxb3 Rhd8 23. Rc3 Rd3 24. a4 a6 25. axb5 cxb5 26. Rac1 Rxc3 27. bxc3 Rd3 28. Rc2 Nc6 29. Nc1 Rd1 30. Nb3 Rh1 31. Kg2 Re1 32. Nc5+ Kc8 33. Kf2 Rh1 34. Kg2 Re1 35. Kf3 a5 36. Nd3 Ra1 37. bxa5 Rxa5 38. Nb4 Kb7 39. Nd3 Bf8 40. Rb2 Ka6 41. Bd2 Ra3 42. Ke2 Na5 43. Be1 Nc4 44. Rc2 Ka5 45. Nb2 Bc5 46. Nd3 Bd6 47. fxe5 fxe5 48. Nb2 Rb3 49. Nxc4+ bxc4 50. Kf3 Ka4 51. Kg4 Be7 52. h4 h5+ 53. Kf3 Ka3 54. g4 Rb2 55. Rc1 hxg4+ 56. Kxg4 Rg2+ 57. Kh3 Re2 58. Bg3 Rxe4 59. Kg2 Bxh4 60. Bxh4 Rxh4 61. Kg3 g5 62. Re1 e4 63. Re3 Kb3 64. Kg2 Kc2 65. Kg3 Kd2 0-1

[Event "Basso Veronese-B 2nd"]
[Site "Casaleone"]
[Date "2009.11.15"]
[Round "6"]
[White "Merci, Stefano"]
[Black "Bellini, Luca"]
[Result "0-1"]
[WhiteElo "1488"]
[BlackElo "1615"]
[PlyCount "44"]
[EventDate "2009.11.07"]
[EventType "swiss"]
[EventRounds "6"]
[EventCountry "ITA"]
[SourceTitle "EXT 2015"]
[Source "ChessBase"]
[SourceDate "2014.11.20"]
[SourceVersion "1"]
[SourceVersionDate "2014.11.20"]
[SourceQuality "1"]

1. d4 f5 2. Nf3 Nf6 3. e3 e6 4. Bd3 b6 5. Nbd2 Bb7 6. Qe2 Be7 7. c3 Ne4 8. 0-0 0-0 9. Ne1 Qe8 10. f3 Nf6 11. e4 f4 12. g4 fxg3 13. hxg3 e5 14. Qh2 Qg6 15. Nc4 d6 16. Kg2 Nbd7 17. Rh1 Bxe4 18. fxe4 Nxe4 19. Be3 Ndf6 20. dxe5 Ng4 21. Qh5 Nxe3+ 22. Nxe3 Qxg3# 0-1

[Event "Basso Veronese-B 2nd"]
[Site "Casaleone"]
[Date "2009.11.08"]
[Round "3"]
[White "Bellini, Luca"]
[Black "Solinas, Roberto"]
[Result "1/2-1/2"]
[WhiteElo "1615"]
[BlackElo "1770"]
[PlyCount "149"]
[EventDate "2009.11.07"]
[EventType "swiss"]
[EventRounds "6"]
[EventCountry "ITA"]
[SourceTitle "EXT 2015"]
[Source "ChessBase"]
[SourceDate "2014.11.20"]
[SourceVersion "1"]
[SourceVersionDate "2014.11.20"]
[SourceQuality "1"]

1. e4 c6 2. d4 d5 3. e5 Bf5 4. Bd3 Bxd3 5. Qxd3 e6 6. Nf3 Qa5+ 7. Nbd2 Qa6 8. Qxa6 Nxa6 9. a3 c5 10. dxc5 Nxc5 11. b4 Nd7 12. c4 dxc4 13. Nxc4 Rc8 14. Nd6+ Bxd6 15. exd6 Ngf6 16. Bf4 0-0 17. 0-0 Rc2 18. Bg5 Rfc8 19. Nd4 R2c4 20. Nb5 a6 21. Nc7 Ne8 22. Nxe8 Rxe8 23. Rac1 Rec8 24. Rxc4 Rxc4 25. Rc1 Rxc1+ 26. Bxc1 f6 27. f4 Kf7 28. g4 Ke8 29. Be3 Nf8 30. Kf2 Kd7 31. Kf3 Kc6 32. Ke4 b6 33. f5 e5 34. h4 Nd7 35. g5 Kxd6 36. g6 hxg6 37. fxg6 Ke6 38. h5 f5+ 39. Kd3 b5 40. Bg5 Nf6 41. h6 gxh6 42. Bxh6 Ng8 43. Bg7 Kd5 44. Bh8 f4 45. Ke2 e4 46. Bb2 Ke6 47. Kf2 Kf5 48. g7 Kg4 49. Be5 Kf5 50. Bd6 Kg4 51. Be5 Nh6 52. Bd6 f3 53. Bc5 Kf5 54. Kg3 Ke5 55. Kf2 Kd5 56. Bf8 Kd4 57. Bc5+ Kd3 58. Be3 Ng8 59. Bg5 Kc2 60. Ke3 Kb3 61. Bh4 Kxa3 62. Kxe4 Kxb4 63. Kxf3 a5 64. Kf4 Kc5 65. Kf5 Kd5 66. Kg6 Ke6 67. Bd8 a4 68. Ba5 a3 69. Bb4 a2 70. Bc3 b4 71. Bb2 b3 72. Ba1 Ne7+ 73. Kh7 Kf7 74. Bb2 Ng8 75. Ba1 1/2-1/2

[Event "Basso Veronese op 1st"]
[Site "Casaleone"]
[Date "2008.11.15"]
[Round "1"]
[White "Bellini, Luca"]
[Black "Capata, Ion"]
[Result "0-1"]
[WhiteElo "1599"]
[BlackElo "2136"]
[PlyCount "86"]
[EventDate "2008.11.15"]
[EventType "swiss"]
[EventRounds "6"]
[EventCountry "ITA"]
[SourceTitle "EXT 2011"]
[Source "ChessBase"]
[SourceDate "2010.11.26"]
[SourceVersion "1"]
[SourceVersionDate "2010.11.26"]
[SourceQuality "1"]

1. e4 e5 2. Bc4 Bc5 3. Nf3 d6 4. h3 Nf6 5. Nc3 c6 6. a4 0-0 7. 0-0 d5 8. Bd3 Re8 9. Re1 Nbd7 10. exd5 cxd5 11. Bb5 e4 12. Nh2 d4 13. Ne2 a6 14. Bxd7 Qxd7 15. Ng3 d3 16. Nhf1 Qd4 17. Ne3 Bd7 18. c3 Qe5 19. b4 Bxb4 20. Rb1 Bc5 21. c4 Bd4 22. Ba3 b5 23. cxb5 axb5 24. axb5 Bxe3 25. Rxe3 Rxa3 26. b6 Raa8 27. Qb3 Rab8 28. Qc4 Qd5 29. Qc7 Qc6 30. Qf4 Nd5 31. Qg5 Nxe3 32. Qxe3 f5 33. Qd4 g6 34. Nf1 Be6 35. Ne3 f4 36. Nd1 Qd5 37. Qb4 Qg5 38. Kh2 f3 39. Ne3 fxg2 40. Nxg2 Qe5+ 41. f4 exf3+ 42. Qf4 Ba2 43. Rf1 fxg2 0-1

[Event "Veneto Region-ch"]
[Site "Arqua Petrarca"]
[Date "2006.05.14"]
[Round "6"]
[White "Colpo, Raffaele"]
[Black "Bellini, Luca"]
[Result "0-1"]
[WhiteElo "1645"]
[BlackElo "1715"]
[PlyCount "52"]
[EventDate "2006.05.06"]
[EventType "swiss"]
[EventRounds "6"]
[EventCountry "ITA"]
[SourceTitle "EXT 2011"]
[Source "ChessBase"]
[SourceDate "2010.11.26"]
[SourceVersion "1"]
[SourceVersionDate "2010.11.26"]
[SourceQuality "1"]

1. e4 e5 2. Nf3 Nc6 3. Bb5 Nf6 4. 0-0 d6 5. d4 Bd7 6. Re1 Be7 7. c3 0-0 8. h3 h6 9. Na3 Re8 10. b3 exd4 11. cxd4 d5 12. exd5 Nxd5 13. Bc4 Bf5 14. Ne5 Bb4 15. Rf1 Bc3 16. Rb1 Nxe5 17. dxe5 Bxb1 18. Nxb1 Rxe5 19. Qf3 Bd4 20. Rd1 c5 21. Ba3 Qg5 22. Bc1 Qf5 23. Bxd5 Rxd5 24. Qxf5 Rxf5 25. Nd2 Rxf2 26. Nf3 Rxf3+ 0-1